| 000 | 01138nam a22002657a 4500 | ||
|---|---|---|---|
| 003 | OSt | ||
| 005 | 20230608143025.0 | ||
| 007 | cr ||||||a|c|a | ||
| 008 | 230213s2021 mx ||||fom||| 001 0 spa d | ||
| 040 | _erda | ||
| 100 | 1 |
_9186057 _aCastañeda Cardona, Christian Camilo |
|
| 245 | 1 |
_aHerencia fenotípica y molecular de cruzas interespecíficas de Rubus spp. / _cpor Christian Camilo Castañeda Cardona; director de tesis Juan Martínez Solis |
|
| 264 | 1 |
_aChapingo, México : _bEl autor, _c2021. |
|
| 300 | _a1 recurso en línea (62 páginas). | ||
| 336 |
_2rdacontent _atexto _btxt |
||
| 337 |
_2rdamedia _acomputadora _bc |
||
| 338 |
_2rdacarrier _arecurso en línea _bcr |
||
| 502 |
_bMCH _cFitotecnia _d2021. _gMAE |
||
| 504 | _aIncluye referencias bibliográficas: páginas 60-62 | ||
| 650 | 2 |
_9136522 _aZarzamora _xFisiología y morfología |
|
| 650 | 2 |
_9186182 _aZarzamora _xMejoramiento genético |
|
| 700 | 1 |
_972539 _aMartínez Solís, Juan _eDirector de tesis |
|
| 856 |
_uhttp://10.13.5.2/tesis/tm/2021_FI_Castaneda_Cardona_ChristianCamilo.pdf _zDESCARGAR PDF |
||
| 942 |
_2Clasificación Universidad Autónoma Chapingo _cTD |
||
| 999 |
_c218319 _d218319 |
||